00358nam a2200145Ia 4500008004000000020001800040041000800058082001700066100002300083245002700106260003900133300001200172650001500184650001300199210210b2016 xxu||||| |||| 00| 0 eng d a9783110517361 aeng a294.509 DEVP aDEVADEVAN (Manu V) aPrehistory of hinduism aWarsaw/BerlinbNot Mentionedc2016 axii,221 aPrehistory ahinduism